Quiz Star Wars - Novice - Statistiques

Statistiques générales
  • Ce quiz a été pris 362 fois
  • Le résultat moyen est 13 sur 15
Statistiques - réponses
Question Réponse % Correct
Comment s'appelle le vaisseau d'Han Solo et de Chewbacca ? Le Faucon Millenium
98%
Qui sont les enfants d'Anakin Skywalker et de Padme Amidala ? Luke et Leia
97%
De quelle couleur est le sabre de Mace Windu ? Violet
97%
Comment s'appelle le droïde d'Anakin Skywalker ? R2-D2
96%
Quel est le vaisseau de Luke Skywalker ? Un X-Wing
93%
Où se rencontrent Han Solo et Luke Skywalker ? Dans un bar sur Tatooine
90%
Qui est la padawan d'Anakin Skywalker ? Ahsoka Tano
89%
Sur quelle planète ? Dagobah
89%
Qui le tue ? Anakin Skywalker
84%
Quel est le nom de la planète centrale de la galaxie ? Coruscant
76%
Quel est le deuxième film chronologiquement de la saga ? L'Attaque des clones
76%
Combiens Anakin Skywalker en possèdent-il ? Plus de 20 000
76%
Comment s'appellent les micros bactéries situées dans le corps qui le lie à la force ? Les midi-chloriens
75%
Quel âge a Yoda quand il meurt ? 900 ans
72%
Quel est le nom de sith du Compte Dooku ? Dark Tyranus
70%
Aucun quiz correspondant
Distribution des résultats
% des personnes avec chaque résultat
Percentile par nombre de réponses
Votre historique - résultats
Vous n’avez pas pris ce quiz